000 00347nam a2200133 i 4500
001 bg
100 1 _aZIÓŁKOWSKI, Marian
245 0 _aOrganizacja zarządzania w przedsiębiorstwie budowlanym /
_cMarian Ziółkowski.
260 _aWarszawa,
_c1982.
040 _cBPK
041 _apol
942 _cKS
008 s pl f |000 0 pol
999 _c1787
_d1787
856 _uhttp://koha.tu.koszalin.pl/cgi-bin/koha/opac-detail.pl?biblionumber=1787
_yKatalog online BPK